The new Orientalists (Record no. 231906)
[ view plain ]
| 000 -LEADER | |
|---|---|
| fixed length control field | 01207nam a2200313Ia 4500 |
| 100 1# - MAIN ENTRY--AUTHOR NAME | |
| Personal name | Almond, Ian, |
| 245 14 - TITLE STATEMENT | |
| Title | The new Orientalists |
| 260 ## - PUBLICATION, DISTRIBUTION, ETC. (IMPRINT) | |
| Place of publication | London : |
| Name of publisher | I. B. Tauris, |
| Year of publication | 2007. |
| 300 ## - PHYSICAL DESCRIPTION | |
| Number of Pages | 229 p. |
| 650 #0 - SUBJECT ADDED ENTRY--TOPICAL TERM | |
| Topical Term | Islamic philosophy. |
| Topical Term | Postmodernism. |
| 856 40 - ELECTRONIC LOCATION AND ACCESS | |
| Uniform Resource Identifier | http://site.ebrary.com/lib/rucke/Doc?id=10217781 |
No items available.
